000 01443nam a2200325 i 4500
003 EG-GICUC
005 20260209201112.0
008 260209s1973 iq ||||fr|||| 00| 0 ara d
017 _a951
040 _a EG-GICUC
_bara
_c EG-GICUC
_d EG-GICUC
_erda
041 0 _aara
082 0 4 _a343.421
_bم ن . ظ
_221
092 0 4 _221
099 _aLaw1 10 343.421 م ن . ظ 1973 1006530
110 0 _aالمنظمة الدولية العربية للدفاع الاجتماعي
_eمؤلف.
245 1 0 _aظاهرة تعاطي المسكرات في الدول العربية :
_bبحث استقصائي احصائي لعام 1970 /
_cالمنظمة الدولية العربية للدفاع الاجتماعي، المكتب الدولي العربي لمكافحة الجريمة.
264 1 _aبغداد :
_bمطبعة دار السلام،
_c1973.
300 _a190 صفحة ؛
_c24 سم.
_bإيضاحيات، صور، مثيليات ؛
336 _2rda content
_atext
337 _2rda media
_aComputer
338 _2rda carrier
_aOnline Resource
504 _aيشتمل على ارجاعات ببليوجرافية.
546 _aالنص باللغة العربية
650 1 4 _a التشريعات المتعلقة بالمخدرات
_2qrmak
650 1 4 _aالقانون الجنائي
_2qrmak
651 1 _2qrmak
856 4 0 _uhttps://fll.law.cu.edu.eg/fulltext/bks/B10-06530.pdf
905 _a18
942 _2ddc
_n0
_cBK
_e21
999 _c62109
_d62109